000 01516nam a2200481 i 4500
001 38731
003 KOSZ 005
005 20220223112552.0
008 010224s2000 pl |000 0 pol
015 _aPB 2001/3384
020 _a8371831714
020 _a837183179X
035 _a991015722389705066
035 _a(PL-WaBN)b14231207-48omnis_nlop
035 _ab14231207
035 _a(OCoLC)802142742
035 _a(PL)b0000001423120
035 _a(EXLNZ-48OMNIS_NETWORK)9910527743505606
040 _aWA N
_cWA N
_dKOSZ 005/HR
041 0 _apol
046 _k2000
080 _a347.72(438)
080 _a(094.4)
245 0 0 _aKodeks spółek handlowych /
_cz wprowadzeniem Antoniego Witosza.
260 _aKatowice :
_b"Videograf II",
_c2000.
300 _a234, [6] s. ;
_c21 cm.
336 _2rdacontent
_aTekst
_btxt
337 _2rdamedia
_aBez urządzenia pośredniczącego
_bn
338 _2rdacarrier
_aWolumin
_bnc
380 _aKsiążki
380 _aPublikacje fachowe
388 _a1901-2000
658 _aPrawo i wymiar sprawiedliwości
658 _aGospodarka, ekonomia, finanse
651 7 _aPolska
650 7 _aPrawo spółek handlowych
650 7 _aSpółki handlowe
_2DBN
700 1 _aWitosz, Antoni
_d(1948-2015)
_ePrzedmowa
710 2 _aVideograf II
_4pbl
856 _uhttp://koha.tu.koszalin.pl/cgi-bin/koha/opac-detail.pl?biblionumber=38731
_yKatalog online BPK
942 _2UKD
_cKS
999 _c38731
_d38731